| 000 | 00000nas 2200000za 4500 |
| 001 | 9.504943 |
| 003 | CaOODSP |
| 005 | 20240215150447 |
| 007 | cr ||||||||||| |
| 008 | 150406d19972012oncbr p o f0 a0eng|d |
| 022 | |a1494-5452|z0715-285X |
| 040 | |aCaOODSP|beng |
| 043 | |an-cn--- |
| 086 | 1 |aJS83-1E-PDF |
| 130 | 0 |aLet's talk (Ottawa, Ont. : Online) |
| 210 | 0 |aLet's talk |b(Ott., 199?, Online) |
| 222 | 0|aLet's talk |b(Ottawa. 199?. Online) |
| 245 | 10|aLet's talk |h[electronic resource]. |
| 260 | |aOttawa : |bPublic Affairs Division, Canadian Penitentiary and National Parole Services, |c[1997]-2012. |
| 310 | |aBimonthly |
| 362 | 1 |aBegan with: Vol. 22, no. 1 (Feb. 1997)?; ceased with v. 35, no. 1 (winter 2012). |
| 500 | |aIssued also in French under title: Entre nous. |
| 520 | 3 |aCovers topics about the work of the Service across Canada. Issues contain articles related to day-to-day work; offenders; programs; employee and Service achievements; and other issues that would interest those in the correctional community. |
| 690 | 07|aCorrectional institutions|2gcpds |
| 710 | 2 |aCorrectional Service Canada. |
| 775 | 08|tEntre nous |w(CaOODSP)9.501342 |
| 776 | 0#|tLet's talk = |w(CaOODSP)9.508534 |
| 780 | 00|tLet's talk |w(CaOODSP)9.832740 |